[Event "37. Copenhagen Open (Politiken Cup)"]
[Site "Elsinore"]
[Date "2015.07.26"]
[Round "2"]
[White "Verstraeten, Reinaert"]
[Black "Schmied, Andreas"]
[Result "1-0"]
[WhiteElo "2312"]
[BlackElo "2047"]
[PlyCount "104"]
[EventDate "2015.07.25"]
[EventType "swiss"]
[EventRounds "10"]
[EventCountry "DEN"]
[Source "ChessBase"]
[SourceDate "2015.09.14"]

1. d4 Nf6 2. c4 e6 3. Nc3 Bb4 4. e3 O-O 5. Nge2 d5 6. a3 Be7 7. cxd5 exd5 8. g3
c6 9. Bg2 a5 10. O-O Na6 11. Nf4 Nc7 12. Qc2 Ne6 13. Nce2 Ne8 14. Nxe6 Bxe6 15.
Nf4 Bc8 16. b3 Nd6 17. f3 f5 18. Bb2 g6 19. Rfe1 Bf6 20. Nd3 Re8 21. Rad1 Qe7
22. Kh1 Qg7 23. a4 Kh8 24. Ba3 Nf7 25. Qd2 Be7 26. Bxe7 Rxe7 27. b4 axb4 28.
Qxb4 Qf6 29. e4 dxe4 30. fxe4 Qd6 31. Qxd6 Nxd6 32. e5 Nc4 33. Nc5 Ra5 34. Rc1
Nb6 35. Rb1 Na8 36. Rb4 Ra7 37. Reb1 Nc7 38. h4 Na6 39. Nxa6 Rxa6 40. Rc1 Be6
41. Rc5 Kg7 42. a5 Rd7 43. Kg1 h6 44. Kf2 Kf7 45. Ke3 g5 46. Bf1 Ra7 47. Bd3
Ke7 48. a6 bxa6 49. Rxc6 a5 50. Rbb6 f4+ 51. gxf4 gxf4+ 52. Kxf4 Bh3 1-0

[Event "37. Copenhagen Open (Politiken Cup)"]
[Site "Elsinore"]
[Date "2015.07.26"]
[Round "2"]
[White "Vesterli, Michael E"]
[Black "Christiansen, Johan Sebastian"]
[Result "0-1"]
[WhiteElo "2067"]
[BlackElo "2409"]
[PlyCount "70"]
[EventDate "2015.07.25"]
[EventType "swiss"]
[EventRounds "10"]
[EventCountry "DEN"]
[Source "ChessBase"]
[SourceDate "2015.09.14"]

1. d4 f5 2. c4 Nf6 3. Nc3 g6 4. g3 d6 5. Bg2 Bg7 6. Nf3 O-O 7. O-O Qe8 8. d5
Na6 9. Be3 Bd7 10. Rb1 c6 11. Qb3 Qc8 12. Ng5 Kh8 13. c5 h6 14. Nf7+ Kh7 15.
cxd6 Nxd5 16. Nxd5 Be6 17. Qa4 cxd5 18. Nxh6 Bxh6 19. dxe7 Rf7 20. Qh4 f4 21.
Bxf4 Rxf4 22. gxf4 Qd7 23. e4 d4 24. Rbd1 Re8 25. f5 Bf7 26. f6 Nc5 27. b4 Na4
28. e5 Nc3 29. Rd3 Ne2+ 30. Kh1 Nf4 31. Rg3 Qf5 32. Re1 d3 33. Bxb7 d2 34. Rd1
Qxe5 35. Rgg1 Bd5+ 0-1

[Event "37. Copenhagen Open (Politiken Cup)"]
[Site "Elsinore"]
[Date "2015.07.26"]
[Round "2"]
[White "Vovk, Oksana"]
[Black "Naroditsky, Daniel"]
[Result "0-1"]
[WhiteElo "2127"]
[BlackElo "2622"]
[PlyCount "82"]
[EventDate "2015.07.25"]
[EventType "swiss"]
[EventRounds "10"]
[EventCountry "DEN"]
[Source "ChessBase"]
[SourceDate "2015.09.14"]

1. d4 Nf6 2. c4 e6 3. Nf3 d5 4. Nc3 Bb4 5. cxd5 exd5 6. Bg5 Nbd7 7. e3 h6 8.
Bxf6 Qxf6 9. Bd3 c6 10. O-O O-O 11. a3 Ba5 12. Qc2 Qd6 13. Rfc1 Bd8 14. b4 a6
15. Na4 Bf6 16. Bf5 Rb8 17. Nc5 Nb6 18. Nd2 Qe7 19. a4 Bg5 20. Re1 Re8 21. Rab1
Bxf5 22. Qxf5 Nc8 23. Nd7 Nd6 24. Qh3 Ra8 25. a5 Nb5 26. f4 Bh4 27. g3 Rad8 28.
Ne5 Bf6 29. Qf5 g6 30. Qd3 Bg7 31. Kg2 Nd6 32. Nb3 g5 33. Nc5 Ne4 34. Nxe4 dxe4
35. Qc4 Rd5 36. Rec1 gxf4 37. gxf4 Bxe5 38. fxe5 Qg5+ 39. Kf2 Qh4+ 40. Kg1 Qg4+
41. Kh1 Qf3+ 0-1

[Event "37. Copenhagen Open (Politiken Cup)"]
[Site "Elsinore"]
[Date "2015.07.26"]
[Round "2"]
[White "Vuilleumier, Alexandre"]
[Black "Hofmann, Rares"]
[Result "1/2-1/2"]
[WhiteElo "2357"]
[BlackElo "2065"]
[PlyCount "94"]
[EventDate "2015.07.25"]
[EventType "swiss"]
[EventRounds "10"]
[EventCountry "DEN"]
[Source "ChessBase"]
[SourceDate "2015.09.14"]

1. c4 e5 2. Nc3 Nf6 3. g3 c6 4. d4 exd4 5. Qxd4 d5 6. Bg2 dxc4 7. Qxc4 Be6 8.
Qa4 Nbd7 9. Nh3 Nb6 10. Qc2 Bb4 11. Nf4 Bd5 12. Nfxd5 Nbxd5 13. O-O O-O 14. Bg5
Qa5 15. Nxd5 Nxd5 16. a3 Be7 17. Bd2 Qb6 18. e4 Nc7 19. Be3 c5 20. b4 Ne6 21.
Rab1 Qa6 22. bxc5 Bxc5 23. e5 Rab8 24. Bxc5 Rfc8 25. Rb4 Rxc5 26. Qb3 Rxe5 27.
Bxb7 Qa5 28. Rc1 Nc5 29. Qc3 Nxb7 30. Rxb7 Rf8 31. Qb4 Qa6 32. Rcc7 Qe2 33. Kg2
Qd1 34. Rd7 Qc2 35. Rbc7 Qg6 36. Rxf7 Rfe8 37. Qb7 Rg5 38. Rce7 Rxe7 39. Rxe7
h5 40. Qc8+ Kh7 41. Re8 Qf7 42. h4 Qd5+ 43. Kh2 Rf5 44. Rh8+ Kg6 45. Qe8+ Qf7
46. Qc6+ Qf6 47. Qe4 Qb2 1/2-1/2

[Event "37. Copenhagen Open (Politiken Cup)"]
[Site "Elsinore"]
[Date "2015.07.26"]
[Round "2"]
[White "Walton, Alan J"]
[Black "Hansen, Alex Mehr"]
[Result "1-0"]
[WhiteElo "2173"]
[BlackElo "1965"]
[PlyCount "83"]
[EventDate "2015.07.25"]
[EventType "swiss"]
[EventRounds "10"]
[EventCountry "DEN"]
[Source "ChessBase"]
[SourceDate "2015.09.14"]

1. d4 c6 2. c4 d5 3. Nf3 e6 4. Nc3 Be7 5. e3 Nf6 6. Qc2 b6 7. b3 Na6 8. a3 Bb7
9. cxd5 exd5 10. Bd3 h6 11. Ne5 Nd7 12. Bxa6 Bxa6 13. Nxc6 Qc8 14. Nxe7 Kxe7
15. Nxd5+ Kd6 16. Qxc8 Rhxc8 17. e4 g5 18. Bd2 Bd3 19. Nc3 Re8 20. f3 b5 21.
Kf2 Rab8 22. h4 f6 23. hxg5 hxg5 24. Rac1 b4 25. axb4 Rxb4 26. Nd5 Rxb3 27.
Bb4+ Rxb4 28. Nxb4 Bb5 29. Ra1 Ra8 30. Ra5 a6 31. Rha1 Nb6 32. Nxa6 Bc4 33. Nc5
Rb8 34. Rb1 Nd7 35. Rxb8 Nxb8 36. Ke3 Nc6 37. Nb7+ Kc7 38. Rc5 Kxb7 39. Rxc4
Kb6 40. Rxc6+ Kxc6 41. f4 g4 42. f5 1-0

[Event "37. Copenhagen Open (Politiken Cup)"]
[Site "Elsinore"]
[Date "2015.07.26"]
[Round "2"]
[White "Yilmaz, Kazim"]
[Black "Westerlund, Ola"]
[Result "0-1"]
[WhiteElo "1612"]
[BlackElo "1869"]
[PlyCount "128"]
[EventDate "2015.07.25"]
[EventType "swiss"]
[EventRounds "10"]
[EventCountry "DEN"]
[Source "ChessBase"]
[SourceDate "2015.09.14"]

1. e4 d6 2. d4 Nf6 3. Nc3 g6 4. Bg5 Bg7 5. Nf3 h6 6. Bh4 g5 7. Bg3 Nh5 8. h3
Nxg3 9. fxg3 c5 10. Bb5+ Bd7 11. Bxd7+ Nxd7 12. Ne2 cxd4 13. Nexd4 Qb6 14. Rb1
Bf6 15. c3 Rc8 16. Qb3 e6 17. Qxb6 Nxb6 18. O-O Ke7 19. g4 Rc4 20. Rfe1 Nd7 21.
Kf1 Ne5 22. Nxe5 Bxe5 23. Nf3 Bg3 24. Re2 f6 25. Nd2 Ra4 26. a3 h5 27. gxh5
Rxh5 28. Kg1 g4 29. hxg4 Rh4 30. Nf1 Be5 31. Rbe1 Rxg4 32. Nh2 Rg6 33. Nf3 Bg3
34. Rd1 Rg4 35. Rd4 Ra5 36. e5 Rxd4 37. exf6+ Kxf6 38. Nxd4 e5 39. Nf3 Ra6 40.
Nh2 Ra4 41. Nf1 Bf4 42. Ne3 Ke6 43. Kf2 Re4 44. Kf3 Rxe3+ 45. Rxe3 Bxe3 46.
Kxe3 b5 47. b3 d5 48. Kd3 a5 49. a4 bxa4 50. bxa4 Kf5 51. c4 dxc4+ 52. Kxc4 Ke4
53. Kc3 Ke3 54. Kc2 e4 55. g4 Kf4 56. Kd2 Kxg4 57. Ke3 Kf5 58. Ke2 Ke5 59. Ke3
Kd5 60. Ke2 Kc4 61. Ke3 Kb4 62. Kxe4 Kxa4 63. Kd3 Kb3 64. Kd2 Kb2 0-1

[Event "37. Copenhagen Open (Politiken Cup)"]
[Site "Elsinore"]
[Date "2015.07.26"]
[Round "2"]
[White "Zakariassen, Tom"]
[Black "Ekeberg, Carl Fredrik"]
[Result "0-1"]
[WhiteElo "1798"]
[BlackElo "2267"]
[PlyCount "48"]
[EventDate "2015.07.25"]
[EventType "swiss"]
[EventRounds "10"]
[EventCountry "DEN"]
[Source "ChessBase"]
[SourceDate "2015.09.14"]

1. f4 Nf6 2. Nf3 g6 3. e3 Bg7 4. d4 O-O 5. Bd3 d6 6. O-O Nc6 7. c3 e5 8. fxe5
dxe5 9. Bc2 e4 10. Ng5 Qd5 11. Nxf7 Qxf7 12. Bb3 Be6 13. d5 Bxd5 14. Rxf6 Bxb3
15. Rxf7 Bxd1 16. Rxc7 Rf7 17. Rxf7 Kxf7 18. Nd2 Bc2 19. Nf1 Ne5 20. Bd2 Nc4
21. Rc1 Bd3 22. b3 Nxd2 23. Nxd2 Ke6 24. c4 Bh6 0-1

[Event "37. Copenhagen Open (Politiken Cup)"]
[Site "Elsinore"]
[Date "2015.07.26"]
[Round "2"]
[White "Zeier, Klaus"]
[Black "Jensen, Thore Nyboe"]
[Result "1-0"]
[WhiteElo "2229"]
[BlackElo "2008"]
[PlyCount "43"]
[EventDate "2015.07.25"]
[EventType "swiss"]
[EventRounds "10"]
[EventCountry "DEN"]
[Source "ChessBase"]
[SourceDate "2015.09.14"]

1. e4 c5 2. Nf3 d6 3. Bb5+ Nc6 4. Bxc6+ bxc6 5. O-O Bg4 6. h3 Bh5 7. d3 e6 8.
Nbd2 d5 9. e5 f5 10. exf6 Qxf6 11. Re1 O-O-O 12. Qe2 Re8 13. Qe5 Bg6 14. Nb3
Qxe5 15. Nxe5 Kc7 16. Na5 Ne7 17. Bg5 Kb6 18. Bxe7 Bxe7 19. Naxc6 Bd6 20. Nxg6
hxg6 21. Ne5 Rh5 22. Nxg6 1-0

[Event "37. Copenhagen Open (Politiken Cup)"]
[Site "Elsinore"]
[Date "2015.07.26"]
[Round "2"]
[White "Zude, Erik"]
[Black "Undheim, Bjarne"]
[Result "1-0"]
[WhiteElo "2398"]
[BlackElo "1899"]
[PlyCount "73"]
[EventDate "2015.07.25"]
[EventType "swiss"]
[EventRounds "10"]
[EventCountry "DEN"]
[Source "ChessBase"]
[SourceDate "2015.09.14"]

1. Nf3 d5 2. g3 Nf6 3. Bg2 Nc6 4. O-O e5 5. d4 e4 6. Ne5 Bd6 7. f4 exf3 8. exf3
O-O 9. f4 Bf5 10. c3 Be4 11. Nd2 Bxg2 12. Kxg2 Ne7 13. Qc2 c5 14. dxc5 Bxc5 15.
Nb3 Bb6 16. Qd3 Ne4 17. Be3 Bxe3 18. Qxe3 Nf5 19. Qd3 Re8 20. Nd4 Nfd6 21. Rae1
Qa5 22. a3 f6 23. Nef3 Rab8 24. Qc2 Qc7 25. Re2 Qc8 26. Rfe1 Re7 27. Qb3 Nc4
28. Qc2 Kf7 29. Qd3 g6 30. Qd1 Qd7 31. f5 gxf5 32. Qc1 Rg8 33. Qh6 Rg7 34. Qh5+
Rg6 35. Qxh7+ Rg7 36. Qh5+ Rg6 37. Nxf5 1-0

[Event "37. Copenhagen Open (Politiken Cup)"]
[Site "Elsinore"]
[Date "2015.07.26"]
[Round "3"]
[White "Aabling Thomsen, Jakob"]
[Black "Hansson, Fredrik"]
[Result "1-0"]
[WhiteElo "2333"]
[BlackElo "2036"]
[PlyCount "77"]
[EventDate "2015.07.25"]
[EventType "swiss"]
[EventRounds "10"]
[EventCountry "DEN"]
[Source "ChessBase"]
[SourceDate "2015.09.14"]

1. d4 d5 2. Nc3 Nf6 3. Bg5 Nbd7 4. Qd3 c6 5. f3 e5 6. e3 Be7 7. Nge2 h6 8. Bxf6
Bxf6 9. O-O-O O-O 10. g4 Re8 11. f4 exd4 12. exd4 Nb6 13. Qg3 Nc4 14. h4 Qe7
15. Rd3 Qb4 16. Nd1 h5 17. a3 Qa5 18. g5 Bd8 19. Qf2 Bf5 20. Rc3 Bg4 21. Ng3
Nxb2 22. Kxb2 Bxd1 23. Bh3 Bg4 24. Bxg4 hxg4 25. h5 Be7 26. h6 g6 27. Rb3 b5
28. f5 Qc7 29. Rh4 Bxg5 30. Rxg4 Qe7 31. fxg6 fxg6 32. Rf3 Rf8 33. Nf5 Rxf5 34.
Rxf5 gxf5 35. Qxf5 Rf8 36. Rxg5+ Kh8 37. Qg6 Rc8 38. h7 Qf8 39. Qe6 1-0

[Event "37. Copenhagen Open (Politiken Cup)"]
[Site "Elsinore"]
[Date "2015.07.26"]
[Round "3"]
[White "Aagaard, Jacob"]
[Black "Nordenbaek, Jan"]
[Result "1-0"]
[WhiteElo "2506"]
[BlackElo "2134"]
[PlyCount "63"]
[EventDate "2015.07.25"]
[EventType "swiss"]
[EventRounds "10"]
[EventCountry "DEN"]
[Source "ChessBase"]
[SourceDate "2015.09.14"]

1. e4 c5 2. Nf3 Nc6 3. Nc3 e5 4. Bc4 Be7 5. d3 d6 6. Nd2 Bg5 7. Nf1 Bxc1 8.
Rxc1 Nf6 9. Ne3 Be6 10. O-O O-O 11. Ncd5 Bxd5 12. Nxd5 Nxd5 13. Bxd5 Qg5 14. c3
Ne7 15. Bc4 Kh8 16. d4 f5 17. dxc5 dxc5 18. exf5 Nxf5 19. Qe2 Nh4 20. Bd5 Ng6
21. g3 Nf4 22. Qd1 Rad8 23. c4 e4 24. Qc2 Qg4 25. f3 Nh3+ 26. Kg2 exf3+ 27.
Bxf3 Qg5 28. Rcd1 Nf4+ 29. Kh1 Rxd1 30. Qxd1 Nh3 31. Qe2 b6 32. Bg2 1-0

[Event "37. Copenhagen Open (Politiken Cup)"]
[Site "Elsinore"]
[Date "2015.07.26"]
[Round "3"]
[White "Agovic, Sejfo"]
[Black "Rosell, Sven"]
[Result "1/2-1/2"]
[WhiteElo "1699"]
[BlackElo "1995"]
[PlyCount "189"]
[EventDate "2015.07.25"]
[EventType "swiss"]
[EventRounds "10"]
[EventCountry "DEN"]
[Source "ChessBase"]
[SourceDate "2015.09.14"]

1. e4 c6 2. d4 d5 3. Nc3 dxe4 4. Nxe4 Nf6 5. Ng3 h5 6. h4 Bg4 7. Be2 Bxe2 8.
N1xe2 e6 9. Bg5 Qb6 10. a4 Bd6 11. O-O Nbd7 12. a5 Qc7 13. Qd2 O-O-O 14. c4 Nf8
15. Qc2 N8h7 16. c5 Bxg3 17. fxg3 Nxg5 18. hxg5 Ng4 19. Qe4 a6 20. Rf3 Rd7 21.
b4 Qd8 22. b5 cxb5 23. c6 Rc7 24. cxb7+ Kb8 25. Rc1 Rxc1+ 26. Nxc1 Qc7 27. Nb3
Qxb7 28. Qxb7+ Kxb7 29. Rxf7+ Kc6 30. Kf1 Ne3+ 31. Ke2 Nf5 32. Ra7 Kd5 33. Kd3
Rc8 34. Rd7+ Kc6 35. Nc5 e5 36. Rf7 Nxd4 37. Nxa6 Ne6 38. Rf5 Ra8 39. Nb4+ Kd6
40. a6 Nc5+ 41. Ke3 Nxa6 42. Nd3 Nc7 43. Rf7 Nd5+ 44. Kf2 Ra2+ 45. Kf3 Ra3 46.
Ke2 Ra2+ 47. Kf3 g6 48. Rb7 Rd2 49. Nf2 Rb2 50. Ne4+ Kc6 51. Rg7 Rb3+ 52. Kf2
Rb2+ 53. Kf3 Rb3+ 54. Kf2 Ne3 55. Rxg6+ Kd5 56. Nd2 Ng4+ 57. Ke2 Rxg3 58. Rd6+
Kxd6 59. Ne4+ Ke6 60. Nxg3 h4 61. Ne4 b4 62. g6 Nh6 63. Kd3 Kf5 64. g7 Kg6 65.
Kc4 Kxg7 66. Kxb4 Kg6 67. Kc4 Kf5 68. Kd5 Ng4 69. Nd6+ Kf4 70. Ke6 e4 71. Nf5
Kg5 72. Nd4 Nf2 73. Ke5 Kg4 74. Ne2 Kg5 75. Kd4 Kf5 76. Ke3 Ng4+ 77. Kd4 Ne5
78. Ke3 Nc4+ 79. Kd4 Nd6 80. Ke3 Nf7 81. Nd4+ Ke5 82. Nc6+ Kf5 83. Nd4+ Ke5 84.
Nc6+ Kd5 85. Ne7+ Ke6 86. Ng6 Kf6 87. Nxh4 Kg5 88. g3 Nd6 89. Ng2 Kg4 90. Kf2
Nf7 91. Ne3+ Kg5 92. Nc4 Kg4 93. Ke3 Ng5 94. Nd2 Kf5 95. g4+ 1/2-1/2

[Event "37. Copenhagen Open (Politiken Cup)"]
[Site "Elsinore"]
[Date "2015.07.26"]
[Round "3"]
[White "Alfven, Jorgen"]
[Black "Klings, Peter"]
[Result "0-1"]
[WhiteElo "1932"]
[BlackElo "2154"]
[PlyCount "192"]
[EventDate "2015.07.25"]
[EventType "swiss"]
[EventRounds "10"]
[EventCountry "DEN"]
[Source "ChessBase"]
[SourceDate "2015.09.14"]

1. d4 Nf6 2. c4 c5 3. d5 b5 4. Nf3 Qa5+ 5. Bd2 b4 6. g3 g6 7. Bg2 d6 8. O-O Bg7
9. Qc1 h6 10. Re1 Ne4 11. Nh4 Nxd2 12. Nxd2 g5 13. Nhf3 Nd7 14. h3 Qb6 15. e4
a5 16. Nf1 a4 17. Rb1 a3 18. b3 Bb2 19. Qd1 Bc3 20. Re2 Rg8 21. Ne3 h5 22. Qc2
Ne5 23. Nxe5 Bxe5 24. Rf1 g4 25. h4 Bd7 26. Nf5 e6 27. Ne3 O-O-O 28. Qd3 Rdf8
29. Kh2 Qd8 30. Kg1 Kc7 31. Rd1 Qe7 32. Rf1 Rg6 33. Nc2 Rfg8 34. Ne3 Kd8 35.
Rd1 Rf6 36. Nf1 Bd4 37. Ne3 Rf3 38. Qd2 Bc3 39. Qc2 Be5 40. Nf1 Qf6 41. Rd3
Rxd3 42. Qxd3 Bd4 43. Ne3 Qe5 44. Nc2 Bc3 45. Qe3 Rg6 46. Ne1 Qd4 47. Qxd4 Bxd4
48. Nd3 e5 49. Ne1 Ke7 50. Nc2 Kf6 51. Ne3 Rg8 52. Kf1 Bc3 53. Nd1 Ba1 54. Ke1
Kg6 55. Kd2 Rf8 56. Ne3 Bd4 57. Nc2 Bb2 58. Ne3 Rb8 59. Kc2 Bd4 60. Kd3 Rf8 61.
Nc2 Bb2 62. Ne3 Bc1 63. Rc2 Bxe3 64. Kxe3 f5 65. exf5+ Bxf5 66. Re2 Bb1 67.
Be4+ Bxe4 68. Kxe4 Rf3 69. Rc2 Kf6 70. Re2 Rc3 71. Rd2 Rc1 72. Kd3 Kf5 73. Re2
Rb1 74. Rc2 Ra1 75. Ke3 Re1+ 76. Kd2 Rf1 77. Ke2 Rb1 78. Ke3 e4 79. Kd2 Ke5 80.
Ke3 Rd1 81. Ke2 Rd3 82. Ke1 Rf3 83. Re2 Kd4 84. Rd2+ Rd3 85. Rc2 Rf3 86. Rd2+
Kc3 87. Re2 Kd4 88. Rd2+ Rd3 89. Rc2 e3 90. Ke2 exf2 91. Kxf2 Rf3+ 92. Kg2 Kd3
93. Rc1 Kd2 94. Rb1 Re3 95. Rf1 Re2+ 96. Rf2 Ke3 0-1

[Event "37. Copenhagen Open (Politiken Cup)"]
[Site "Elsinore"]
[Date "2015.07.26"]
[Round "3"]
[White "Alquist, Erik"]
[Black "Carstensen, Jacob"]
[Result "0-1"]
[WhiteElo "2061"]
[BlackElo "2336"]
[PlyCount "80"]
[EventDate "2015.07.25"]
[EventType "swiss"]
[EventRounds "10"]
[EventCountry "DEN"]
[Source "ChessBase"]
[SourceDate "2015.09.14"]

1. e4 c5 2. Nf3 d6 3. d4 Nf6 4. Nc3 cxd4 5. Nxd4 a6 6. Bg5 Nbd7 7. Qe2 Qa5 8.
f4 Nc5 9. O-O-O Bg4 10. Nf3 Na4 11. Bxf6 gxf6 12. Nd5 Rc8 13. Kb1 Bg7 14. Qd3
f5 15. e5 e6 16. Ne3 Bxf3 17. gxf3 d5 18. c4 d4 19. Qxd4 O-O 20. Qd2 Qb6 21.
Qd4 Qb4 22. a3 Qe7 23. Qd6 Qh4 24. Ng2 Qf2 25. Rd2 Qxf3 26. Rg1 Kh8 27. Qd4 Nc5
28. Nh4 Qe4+ 29. Qxe4 Nxe4 30. Rd7 Bh6 31. Be2 Bxf4 32. Nf3 b6 33. Rgd1 a5 34.
Rb7 Rb8 35. Rc7 Nc5 36. b4 axb4 37. axb4 Na6 38. Ra7 Nxb4 39. Rdd7 Nc6 40. Rac7
Nxe5 0-1

[Event "37. Copenhagen Open (Politiken Cup)"]
[Site "Elsinore"]
[Date "2015.07.26"]
[Round "3"]
[White "Andersen, Daniel"]
[Black "Van den Boogaart, Jan Maarten"]
[Result "1/2-1/2"]
[WhiteElo "1766"]
[BlackElo "2024"]
[PlyCount "98"]
[EventDate "2015.07.25"]
[EventType "swiss"]
[EventRounds "10"]
[EventCountry "DEN"]
[Source "ChessBase"]
[SourceDate "2015.09.14"]

1. c4 e5 2. Nc3 Nf6 3. Nf3 Nc6 4. e4 g6 5. d4 exd4 6. Nxd4 Bg7 7. Nxc6 bxc6 8.
g3 O-O 9. Bg2 Re8 10. O-O Bb7 11. c5 d6 12. cxd6 cxd6 13. Bf4 d5 14. Qb3 Qb6
15. Qxb6 axb6 16. exd5 Nxd5 17. Nxd5 cxd5 18. Rfd1 Re2 19. Rac1 Rae8 20. Rb1 h5
21. Bf3 Rxb2 22. Rxb2 Bxb2 23. Bxd5 Bxd5 24. Rxd5 Ra8 25. Kg2 Ba1 26. Rd2 b5
27. Rc2 Kg7 28. Bd6 Kf6 29. Bb4 Ke6 30. a3 Ra6 31. Kf3 Be5 32. Rc5 Bb2 33. Rc2
Be5 34. Ke4 f5+ 35. Kd3 Rb6 36. f4 Bf6 37. Rc5 Bb2 38. Kc2 Bd4 39. Rc7 Bg1 40.
Bc5 Bxc5 41. Rxc5 Kd6 42. Re5 b4 43. a4 b3+ 44. Kb2 Rb4 45. a5 h4 46. a6 Ra4
47. Kxb3 Rxa6 48. gxh4 Ra8 49. Re2 Rh8 1/2-1/2

[Event "37. Copenhagen Open (Politiken Cup)"]
[Site "Elsinore"]
[Date "2015.07.26"]
[Round "3"]
[White "Andersen, Morten"]
[Black "Kristiansen, Tore"]
[Result "1-0"]
[WhiteElo "2174"]
[BlackElo "1784"]
[PlyCount "43"]
[EventDate "2015.07.25"]
[EventType "swiss"]
[EventRounds "10"]
[EventCountry "DEN"]
[Source "ChessBase"]
[SourceDate "2015.09.14"]

1. c4 e5 2. g3 f5 3. Bg2 Nf6 4. Nc3 Be7 5. d4 e4 6. Nh3 d5 7. cxd5 Nxd5 8. O-O
Be6 9. f3 exf3 10. Bxf3 Qd7 11. Ng5 Bg8 12. e4 fxe4 13. Bxe4 g6 14. Qf3 c6 15.
Nf7 Bxf7 16. Qxf7+ Kd8 17. Nxd5 cxd5 18. Bxd5 Nc6 19. Be3 Rf8 20. Qxf8+ Bxf8
21. Rxf8+ Kc7 22. Bxc6 1-0

[Event "37. Copenhagen Open (Politiken Cup)"]
[Site "Elsinore"]
[Date "2015.07.26"]
[Round "3"]
[White "Andersen, Rune Egede"]
[Black "Torkilseng, Runar"]
[Result "1-0"]
[WhiteElo "2028"]
[BlackElo "1792"]
[PlyCount "109"]
[EventDate "2015.07.25"]
[EventType "swiss"]
[EventRounds "10"]
[EventCountry "DEN"]
[Source "ChessBase"]
[SourceDate "2015.09.14"]

1. e4 c6 2. c4 d5 3. exd5 cxd5 4. cxd5 Nf6 5. Qa4+ Bd7 6. Qb3 Qc7 7. Nc3 a6 8.
a4 g6 9. Nf3 Bg7 10. Bc4 Qc8 11. d3 O-O 12. h3 Re8 13. Be3 e6 14. Ng5 h6 15.
dxe6 Bxe6 16. Nxe6 fxe6 17. O-O Nc6 18. a5 Ne5 19. Rfd1 Nxc4 20. dxc4 Qc6 21.
Qc2 Kh7 22. Ne2 e5 23. b3 Rad8 24. Bb6 Rxd1+ 25. Rxd1 Nd7 26. Be3 Nf8 27. Nc3
Ne6 28. Qe4 Qxe4 29. Nxe4 Nd4 30. b4 Re7 31. Kf1 Nc6 32. Bc5 Rf7 33. Rd5 Nd4
34. f3 Ne6 35. Be3 Nd4 36. Kf2 g5 37. Nc5 Nc2 38. Bd2 Na3 39. Bc3 Nxc4 40. Ne4
Re7 41. b5 axb5 42. Rxb5 Na3 43. Rc5 Nc2 44. Rd5 Nd4 45. Ke3 Nc6 46. Nc5 Kg6
47. Kd3 Kf7 48. Kc4 Nd4 49. Bxd4 exd4 50. Rd7 Rxd7 51. Nxd7 Ke7 52. Nc5 Kd6 53.
Nxb7+ Kc6 54. Nd8+ Kd7 55. a6 1-0

[Event "37. Copenhagen Open (Politiken Cup)"]
[Site "Elsinore"]
[Date "2015.07.26"]
[Round "3"]
[White "Andersen, Torben Bodskov"]
[Black "Haugland, Rasmus L"]
[Result "1-0"]
[WhiteElo "2106"]
[BlackElo "1884"]
[PlyCount "131"]
[EventDate "2015.07.25"]
[EventType "swiss"]
[EventRounds "10"]
[EventCountry "DEN"]
[Source "ChessBase"]
[SourceDate "2015.09.14"]

1. e4 c6 2. d4 d5 3. Nd2 dxe4 4. Nxe4 Nd7 5. Nf3 Ngf6 6. Nxf6+ Nxf6 7. Bc4 e6
8. O-O Be7 9. Bg5 O-O 10. Qe2 b6 11. Rfe1 Nd5 12. Bxe7 Qxe7 13. Bxd5 cxd5 14.
c3 a5 15. Ne5 Ba6 16. Qg4 Rac8 17. Re3 f6 18. Nf3 Rc6 19. Rae1 Bc8 20. Qg3 b5
21. a3 b4 22. axb4 axb4 23. Nd2 Qa7 24. Nb3 Qa2 25. cxb4 Qxb2 26. f4 Rf7 27. f5
e5 28. dxe5 fxe5 29. Qxe5 Qxe5 30. Rxe5 Rxf5 31. Rxf5 Bxf5 32. Nd4 Rf6 33. Rf1
Bc8 34. Rxf6 gxf6 35. Kf2 Kf7 36. Ke3 Ke7 37. Ne2 Kd6 38. Kd4 Bb7 39. Nf4 Bc6
40. g3 Bb7 41. b5 f5 42. Nd3 Bc8 43. h4 Bd7 44. b6 Bc8 45. Nc5 Kc6 46. b7 Bxb7
47. Nxb7 Kxb7 48. Kxd5 Kc7 49. Ke6 Kd8 50. Kf7 Kd7 51. Kg7 Ke7 52. Kxh7 Kf7 53.
Kh6 Kf6 54. h5 f4 55. gxf4 Kf7 56. Kg5 Kg7 57. Kf5 Kf7 58. h6 Kg8 59. Kg6 Kh8
60. Kf7 Kh7 61. f5 Kh8 62. Ke7 Kg8 63. f6 Kh8 64. f7 Kh7 65. Kf6 Kxh6 66. f8=Q+
1-0

[Event "37. Copenhagen Open (Politiken Cup)"]
[Site "Elsinore"]
[Date "2015.07.26"]
[Round "3"]
[White "Andreassen, Mikkel"]
[Black "Roe, Simon J"]
[Result "0-1"]
[WhiteElo "1954"]
[BlackElo "2240"]
[PlyCount "102"]
[EventDate "2015.07.25"]
[EventType "swiss"]
[EventRounds "10"]
[EventCountry "DEN"]
[Source "ChessBase"]
[SourceDate "2015.09.14"]

1. d4 d5 2. c4 dxc4 3. e3 e5 4. Bxc4 exd4 5. exd4 Nf6 6. Nf3 Be7 7. O-O O-O 8.
h3 Nbd7 9. Nc3 Nb6 10. Bb3 c6 11. Re1 Nbd5 12. a3 Be6 13. Bc2 Qc7 14. Ne5 Rad8
15. Nxd5 Bxd5 16. Qd3 g6 17. Bf4 Bd6 18. Bg5 Nh5 19. g4 f6 20. gxh5 fxe5 21.
Bxd8 Qxd8 22. hxg6 Rf3 23. gxh7+ Kh8 24. Qg6 Qh4 25. Qg2 Rf5 26. Bxf5 Bxg2 27.
Kxg2 Qg5+ 28. Bg4 exd4 29. Rad1 c5 30. Re6 Qd5+ 31. Kg1 Kxh7 32. Re8 d3 33. Be6
Qf3 34. Bg4 Qd5 35. Be6 Qg5+ 36. Bg4 c4 37. Re4 b5 38. b3 c3 39. Rxd3 c2 40.
Rxd6 c1=Q+ 41. Kg2 Qc7 42. Red4 Kg8 43. h4 Qxd6 44. Rxd6 Qxg4+ 45. Kf1 Qxh4 46.
Rg6+ Kf7 47. Rg3 a5 48. Re3 Qd4 49. Kg2 Qb2 50. a4 bxa4 51. bxa4 Qb4 0-1

[Event "37. Copenhagen Open (Politiken Cup)"]
[Site "Elsinore"]
[Date "2015.07.26"]
[Round "3"]
[White "Antonsen, Mikkel"]
[Black "Nielsen, Thomas Bach"]
[Result "1-0"]
[WhiteElo "2469"]
[BlackElo "2193"]
[PlyCount "67"]
[EventDate "2015.07.25"]
[EventType "swiss"]
[EventRounds "10"]
[EventCountry "DEN"]
[Source "ChessBase"]
[SourceDate "2015.09.14"]

1. d4 Nf6 2. Nf3 c5 3. d5 g6 4. Nc3 Bg7 5. e4 d6 6. Bb5+ Nbd7 7. a4 O-O 8. O-O
a6 9. Be2 b6 10. Re1 Rb8 11. Bf4 Qc7 12. h3 Ne5 13. Bf1 Nxf3+ 14. Qxf3 e5 15.
Bd2 Ne8 16. Qg3 Nf6 17. Qh4 c4 18. b4 cxb3 19. cxb3 Qc5 20. Rab1 b5 21. axb5
axb5 22. Rec1 Qd4 23. Bg5 Nh5 24. Nxb5 Rxb5 25. Bxb5 f6 26. Be3 Qb4 27. Be2 Nf4
28. Bxf4 exf4 29. Bg4 Ba6 30. Be6+ Kh8 31. Rc7 Qxe4 32. Rbc1 Be2 33. Rxg7 g5
34. Qh6 1-0

[Event "37. Copenhagen Open (Politiken Cup)"]
[Site "Elsinore"]
[Date "2015.07.26"]
[Round "3"]
[White "Ask, Josef"]
[Black "Hogeman, Joel"]
[Result "1/2-1/2"]
[WhiteElo "2170"]
[BlackElo "1946"]
[PlyCount "98"]
[EventDate "2015.07.25"]
[EventType "swiss"]
[EventRounds "10"]
[EventCountry "DEN"]
[Source "ChessBase"]
[SourceDate "2015.09.14"]

1. e4 c6 2. d4 d5 3. Nd2 dxe4 4. Nxe4 Bf5 5. Ng3 Bg6 6. h4 h6 7. Nf3 Nd7 8. h5
Bh7 9. Bd3 Bxd3 10. Qxd3 e6 11. Bd2 Ngf6 12. O-O-O Be7 13. Ne4 Nxe4 14. Qxe4
Nf6 15. Qe2 Qd5 16. c4 Qe4 17. Qxe4 Nxe4 18. Be3 f5 19. Nd2 Nxd2 20. Rxd2 O-O
21. g3 Rfd8 22. Rhd1 Rd7 23. d5 Bb4 24. Rd3 cxd5 25. cxd5 Rc8+ 26. Kb1 Rcd8 27.
Bxa7 Rxd5 28. Rxd5 Rxd5 29. Rxd5 exd5 30. a3 Bd6 31. Kc2 Kf7 32. b4 g6 33.
hxg6+ Kxg6 34. Kd3 Kf6 35. Bd4+ Ke6 36. Bc5 Bc7 37. a4 h5 38. b5 f4 39. gxf4
Bxf4 40. a5 Kd7 41. Ke2 h4 42. Kf1 h3 43. Kg1 Kc7 44. Be3 Bxe3 45. fxe3 Kd6 46.
Kh2 Kc5 47. a6 bxa6 48. bxa6 Kb6 49. Kxh3 Kxa6 1/2-1/2